[Event "IECC CL5-2006.14 email"]
[Site "IECC email"]
[Date "2006.08.14"]
[Round "?"]
[White "Meyer, Jesper"]
[Black "Manis, Jose"]
[Result "0-1"]
[WhiteElo "1494"]
[BlackElo "1592"]
[PlyCount "34"]
[EventDate "2006.??.??"]
[EventType "tourn (corr)"]
[EventRounds "4"]
[SourceTitle "Corr 2015"]
[Source "ChessBase"]
[SourceDate "2015.07.17"]
[SourceVersion "1"]
[SourceVersionDate "2015.07.17"]
[SourceQuality "1"]
[WhiteTeam "Denmark"]
[BlackTeam "US of America"]
[WhiteTeamCountry "DEN"]
[BlackTeamCountry "USA"]

1. d4 g6 2. e4 Bg7 3. c4 d6 4. Nc3 Nd7 5. Nf3 e5 6. Be2 Ngf6 7. 0-0 0-0 8. Be3 exd4 9. Nxd4 Re8 10. f3 Ne5 11. Qd2 Nh5 12. Bg5 Nxc4 13. Bxc4 Bxd4+ 14. Qxd4 Qxg5 15. g3 Nxg3 16. hxg3 Qxg3+ 17. Kh1 Re5 0-1

[Event "IECG QE.2006.0.00101"]
[Site "IECG email"]
[Date "2006.06.01"]
[Round "?"]
[White "Harper, Roy"]
[Black "Meyer, Jesper"]
[Result "0-1"]
[WhiteElo "1311"]
[BlackElo "1320"]
[PlyCount "85"]
[EventDate "2006.06.01"]
[EventType "tourn (corr)"]
[EventRounds "6"]
[SourceTitle "Corr 2008"]
[Source "ChessBase"]
[SourceDate "2008.06.24"]
[SourceVersion "1"]
[SourceVersionDate "2008.06.24"]
[SourceQuality "1"]

1. e4 c5 2. Nf3 d6 3. Bc4 Nf6 4. Nc3 Nc6 5. 0-0 e6 6. d4 cxd4 7. Nxd4 Be7 8. Nxc6 bxc6 9. Bg5 0-0 10. Qf3 Rb8 11. Rad1 Qa5 12. b3 Qxg5 13. Bd3 Qa5 14. Be2 e5 15. Qe3 Be6 16. h3 Qb6 17. Rd3 Qxe3 18. Rxe3 d5 19. exd5 cxd5 20. Rxe5 Rfc8 21. Nb5 Rxc2 22. Nd4 Rxa2 23. Nxe6 fxe6 24. Rxe6 Kf7 25. Re3 Bc5 26. Re5 Bd4 27. Bh5+ g6 28. Re2 Rxe2 29. Bxe2 Rxb3 30. Rd1 Bb6 31. Bf3 Ke6 32. Re1+ Kd6 33. Re2 a5 34. Kh2 Bd4 35. Bg4 Nxg4+ 36. hxg4 a4 37. Ra2 a3 38. g5 Be5+ 39. g3 Bc3 40. Re2 d4 41. Re8 a2 42. Rd8+ Kc6 43. Ra8 0-1

[Event "IECG QE.2006.0.00101"]
[Site "IECG email"]
[Date "2006.06.01"]
[Round "?"]
[White "Meyer, Jesper"]
[Black "Harper, Roy"]
[Result "1-0"]
[WhiteElo "1320"]
[BlackElo "1311"]
[PlyCount "120"]
[EventDate "2006.06.01"]
[EventType "tourn (corr)"]
[EventRounds "6"]
[SourceTitle "Corr 2008"]
[Source "ChessBase"]
[SourceDate "2008.06.24"]
[SourceVersion "1"]
[SourceVersionDate "2008.06.24"]
[SourceQuality "1"]

1. d4 d5 2. c4 dxc4 3. e3 Nf6 4. Bxc4 e6 5. Nf3 c5 6. 0-0 cxd4 7. exd4 Be7 8. Nc3 0-0 9. Re1 Nc6 10. a3 Bd7 11. d5 Nxd5 12. Nxd5 exd5 13. Bxd5 Bf6 14. Qc2 Rc8 15. Qb3 Na5 16. Qb4 Bf5 17. Ba2 Rc2 18. Bg5 Bxg5 19. Rad1 Qf6 20. Qxa5 Rxb2 21. Bb1 Bxb1 22. Rxb1 Bf4 23. Qxa7 Bd6 24. a4 Rc8 25. Qe3 Rxb1 26. Rxb1 Qf4 27. Qxf4 Bxf4 28. g3 Rc1+ 29. Rxc1 Bxc1 30. Kf1 f6 31. Ke2 Ba3 32. Kd3 Kf7 33. Nd4 Ke8 34. Kc4 Kd7 35. Kd5 g6 36. g4 Bb2 37. Ne6 Ke7 38. Nc5 b6 39. Nd3 Bc3 40. Kc6 Bd4 41. f3 Ke6 42. Nf4+ Ke5 43. Nd5 Bf2 44. Nxb6 Be1 45. Nd7+ Kf4 46. Nxf6 Kxf3 47. g5 Bd2 48. Nxh7 Kf4 49. Kd6 Kf5 50. Ke7 Bf4 51. a5 Bxh2 52. Kd7 Bg1 53. a6 Bd4 54. Kc6 Ke6 55. Nf8+ Kf5 56. Nd7 Ba7 57. Nb6 Kxg5 58. Kb7 Bxb6 59. Kxb6 Kf4 60. a7 g5 1-0

[Event "IECC M-5471"]
[Site "IECC email"]
[Date "2006.04.21"]
[Round "?"]
[White "Meyer, Jesper"]
[Black "Winfield, Mark David"]
[Result "1/2-1/2"]
[WhiteElo "1528"]
[BlackElo "1566"]
[PlyCount "43"]
[EventDate "2006.??.??"]
[EventType "tourn (corr)"]
[EventRounds "10"]
[SourceTitle "Corr 2020"]
[Source "ChessBase"]
[SourceDate "2019.09.30"]
[SourceVersion "1"]
[SourceVersionDate "2019.09.30"]
[SourceQuality "1"]
[WhiteTeam "Denmark"]
[BlackTeam "England"]
[WhiteTeamCountry "DEN"]
[BlackTeamCountry "ENG"]

1. d4 Nf6 2. c4 g6 3. Nc3 Bg7 4. e4 d6 5. Nf3 0-0 6. Be2 e5 7. 0-0 Nc6 8. d5 Ne7 9. Ne1 Nd7 10. Nd3 f5 11. Bd2 Kh8 12. Rc1 Nf6 13. f3 c5 14. g4 a6 15. a3 Bd7 16. Bg5 h6 17. Bd2 Qc8 18. h3 h5 19. Nf2 fxg4 20. fxg4 hxg4 21. Bxg4 Nxg4 22. Nxg4 1/2-1/2

[Event "IECG CD.2006.0.00104 email"]
[Site "IECG email"]
[Date "2006.01.18"]
[Round "?"]
[White "Meyer, Jesper"]
[Black "Carneiro, Luis Guilherme"]
[Result "0-1"]
[WhiteElo "1500"]
[BlackElo "1500"]
[PlyCount "48"]
[EventDate "2006.01.18"]
[EventType "tourn (corr)"]
[EventRounds "6"]
[SourceTitle "Corr 2008"]
[Source "ChessBase"]
[SourceDate "2008.06.24"]
[SourceVersion "1"]
[SourceVersionDate "2008.06.24"]
[SourceQuality "1"]

1. e4 d6 2. d4 Nf6 3. Nc3 g6 4. Nf3 Bg7 5. Be2 0-0 6. 0-0 Bg4 7. Be3 Nc6 8. Qd2 e5 9. dxe5 dxe5 10. Rad1 Qc8 11. Qc1 Rd8 12. Rxd8+ Nxd8 13. h3 Bxf3 14. Bxf3 Ne6 15. Rd1 c6 16. Ne2 Qc7 17. c3 Rd8 18. Bxa7 b6 19. Bxb6 Rxd1+ 20. Qxd1 Qxb6 21. b3 Ng5 22. Qd3 Bf8 23. b4 Qb5 24. Qe3 Bh6 0-1

[Event "IECG CD.2006.0.00104 email"]
[Site "IECG email"]
[Date "2006.01.18"]
[Round "?"]
[White "Meyer, Jesper"]
[Black "Casser, Aaron"]
[Result "1/2-1/2"]
[WhiteElo "1500"]
[BlackElo "1538"]
[PlyCount "39"]
[EventDate "2006.01.18"]
[EventType "tourn (corr)"]
[EventRounds "6"]
[SourceTitle "Corr 2008"]
[Source "ChessBase"]
[SourceDate "2008.06.24"]
[SourceVersion "1"]
[SourceVersionDate "2008.06.24"]
[SourceQuality "1"]

1. d4 Nf6 2. c4 g6 3. Nc3 d5 4. cxd5 Nxd5 5. e4 Nxc3 6. bxc3 Bg7 7. Nf3 c5 8. Rb1 cxd4 9. cxd4 0-0 10. Be2 Qa5+ 11. Bd2 Qxa2 12. 0-0 a5 13. Bg5 a4 14. Bxe7 Re8 15. Bd6 Rxe4 16. Rc1 Nc6 17. Bc4 Qb2 18. Rb1 Qc3 19. Bxf7+ Kh8 20. Bd5 1/2-1/2

[Event "IECG CD.2005.0.00101 email"]
[Site "IECG email"]
[Date "2005.10.09"]
[Round "?"]
[White "Meyer, Jesper"]
[Black "Wakeham, Marc R"]
[Result "1/2-1/2"]
[WhiteElo "1500"]
[BlackElo "1467"]
[PlyCount "53"]
[EventDate "2005.10.09"]
[EventType "tourn (corr)"]
[EventRounds "6"]
[SourceTitle "Corr 2008"]
[Source "ChessBase"]
[SourceDate "2008.06.24"]
[SourceVersion "1"]
[SourceVersionDate "2008.06.24"]
[SourceQuality "1"]

1. e4 d6 2. d4 Nf6 3. Nc3 g6 4. Nf3 Bg7 5. Be2 0-0 6. 0-0 Bg4 7. Be3 Nc6 8. Qd2 Bxf3 9. Bxf3 a6 10. a4 Nd7 11. Ne2 e6 12. g3 Qe7 13. h4 b5 14. h5 Nb6 15. axb5 axb5 16. b3 Qd7 17. Kg2 Rxa1 18. Rxa1 b4 19. Rh1 d5 20. e5 Ra8 21. h6 Bf8 22. Bg5 Qe8 23. Bf6 Nd7 24. Qf4 Nxf6 25. exf6 Qd7 26. Qg5 Ra2 27. Rc1 1/2-1/2

[Event "IECG TG.2005.0.15484"]
[Site "IECG email"]
[Date "2005.10.01"]
[Round "1"]
[White "James, Michael"]
[Black "Meyer, Jesper"]
[Result "1-0"]
[WhiteElo "1502"]
[BlackElo "1500"]
[PlyCount "63"]
[EventDate "2005.10.01"]
[EventType "match (corr)"]
[EventRounds "2"]
[SourceTitle "Corr 2008"]
[Source "ChessBase"]
[SourceDate "2008.06.24"]
[SourceVersion "1"]
[SourceVersionDate "2008.06.24"]
[SourceQuality "1"]

1. e4 c5 2. Nc3 Nc6 3. f4 g6 4. Nf3 Bg7 5. Bc4 e6 6. f5 Nge7 7. fxe6 dxe6 8. d3 0-0 9. 0-0 Na5 10. Bb5 a6 11. Ba4 b5 12. Bb3 c4 13. dxc4 Qb6+ 14. Kh1 bxc4 15. Ba4 Bb7 16. Qe1 Rad8 17. Bg5 f6 18. Be3 Qc7 19. Qf2 Nc8 20. Bc5 Rf7 21. Rfd1 Bc6 22. Nd4 Re8 23. Nxc6 Nxc6 24. Nd5 exd5 25. exd5 Rd8 26. dxc6 Rxd1+ 27. Rxd1 Bf8 28. Bxf8 Rxf8 29. Rd7 Qe5 30. c3 Rf7 31. h3 Qe6 32. Qd2 1-0